书目信息 |
| 题名: |
教师艺术应对学生问题36记
|
|
| 作者: | 林志超 著 | |
| 分册: | ||
| 出版信息: | 福州 福建教育出版社 2013.04 |
|
| 页数: | 223页 | |
| 开本: | 24cm | |
| 丛书名: | ||
| 单 册: | ||
| 中图分类: | G455 | |
| 科图分类: | ||
| 主题词: | 学生工作 | |
| 电子资源: | ||
| ISBN: | 978-7-5334-6037-2 | |
| 000 | 00847nam0 2200241 450 | |
| 001 | 0103152647 | |
| 005 | 20201103152730.0 | |
| 010 | @a978-7-5334-6037-2@dCNY29.80 | |
| 100 | @a20130713e20192013em y0chiy50 ea | |
| 101 | 0 | @achi |
| 102 | @aCN@b350000 | |
| 105 | @ay z 000yy | |
| 106 | @ar | |
| 200 | 1 | @a教师艺术应对学生问题36记@Ajiao shi yi shu ying dui xue sheng wen ti 36 ji@f林志超著 |
| 210 | @a福州@c福建教育出版社@d2013.04@h2019.08 | |
| 215 | @a223页@d24cm | |
| 300 | @a梦山书系 | |
| 330 | @a本书立足教师日常教育工作,从学生常见问题、学习困难、交往障碍、成长困惑、学生非常心理、学生不良习惯等六个方面,以案例为依托,夹叙夹议,告诉教师如何艺术处理每天面对的学生问题。 | |
| 606 | 0 | @a学生工作 |
| 690 | @aG455@v5 | |
| 701 | 0 | @a林志超@Alin zhi chao@c(中等教育)@4著 |
| 801 | 0 | @aCN@bBJSZM@c20201103 |
| 905 | @b1256001-5@dG455@e382@f5 | |
| 教师艺术应对学生问题36记/林志超著.-福州:福建教育出版社,2013.04(2019.08) |
| 223页;24cm |
| 梦山书系 |
| ISBN 978-7-5334-6037-2:CNY29.80 |
| 本书立足教师日常教育工作,从学生常见问题、学习困难、交往障碍、成长困惑、学生非常心理、学生不良习惯等六个方面,以案例为依托,夹叙夹议,告诉教师如何艺术处理每天面对的学生问题。 |
| ● |
| 相关链接 |
|
|
|
|
正题名:教师艺术应对学生问题36记
索取号:G455/382
 
预约/预借
| 序号 | 登录号 | 条形码 | 馆藏地/架位号 | 状态 | 备注 |
| 1 | 1256001 | 212560012 | 第一样本阅览室/ [索取号:G455/382] | 在馆 | |
| 2 | 1256002 | 212560021 | 教育系资料室/ [索取号:G455/382] | 在馆 | |
| 3 | 1256003 | 212560030 | 教育系资料室/ [索取号:G455/382] | 在馆 | |
| 4 | 1256004 | 212560049 | 第四借阅区/ [索取号:G455/382] | 在馆 | |
| 5 | 1256005 | 212560058 | 第四借阅区/ [索取号:G455/382] | 在馆 |